00526nam a2200169Ia 4500008004000000082001600040100002000056245003100076250000500107260004300112300001100155650001400166690002200180906001100202999001700213952012600230210210b1973 xxu||||| |||| 00| 0 eng d a181.48 SHAL aSHARMA (B N K). aLectures on vedanta. Ed 1. a aDharwar.bKarnataka University.,c1973 avii,90 aVedanta  aIndian Philosophy a033066 c83923d83923 001040708PhilosophyaALbALcPhilosophyd2021-02-17g3.00l0o181.48 SHALp033066r2021-02-17 00:00:00w2021-02-17yBK